Genética moderna (Registro nro. 800)

Detalles MARC
000 -CABECERA
Campo de control 00741nam a2200253 a 4500
005 - FECHA Y HORA DE LA ULTIMA TRANSACCION
Campo de control 20170905110833.0
008 - ELEMENTOS DE LONGITUD FIJA—INFORMACION GENERAL
Campo de control 140224b1984 mx ||||| |||| 00| 0 spa d
040 ## - FUENTE DE CATALOGACIÓN
Agencia catalogadora original CO-BoIAVH
Agencia transcriptora CO-BoIAVH
041 ## - IDIOMA
Código de idioma para texto/pista de sonido o título separado Español
044 ## - PAÍS DE PUBLICACIÓN
País de publicación México
082 ## - NUMERO DE CLASIFICACION DECIMAL DEWEY
Número de clasificación 576.5
Número del ítem A97g
100 ## - ASIENTO PRINCIPAL--NOMBRE PERSONAL
Nombre personal Ayala, Francisco J.
9 (RLIN) 9255
245 10 - MENCION DE TITULO
Título Genética moderna
260 ## - PUBLICACION, DISTRIBUCION, ETC. (PIE DE IMPRENTA)
Lugar de publicación, distribución, etc. México
Nombre del editor, distribuidor, etc. Fondo Educativo Interamericano
Fecha de publicación, distribución, etc. 1984
300 ## - DESCRIPCION FISICA
Extensión 836 páginas
650 14 - ASIENTO SECUNDARIO DE MATERIA - TERMINO TEMATICO
Término temático o nombre geográfico como elemento de entrada Genética
Subdivisión de forma Mendeliana
9 (RLIN) 83961
650 14 - ASIENTO SECUNDARIO DE MATERIA - TERMINO TEMATICO
Término temático o nombre geográfico como elemento de entrada Virus
Subdivisión de forma Bacterias
9 (RLIN) 83962
650 14 - ASIENTO SECUNDARIO DE MATERIA - TERMINO TEMATICO
Término temático o nombre geográfico como elemento de entrada Eucariotas
Subdivisión de forma Unicelulares
Subdivisión general Multicelulares
9 (RLIN) 83963
650 14 - ASIENTO SECUNDARIO DE MATERIA - TERMINO TEMATICO
Término temático o nombre geográfico como elemento de entrada Bases cromosómicas
9 (RLIN) 83964
650 14 - ASIENTO SECUNDARIO DE MATERIA - TERMINO TEMATICO
Término temático o nombre geográfico como elemento de entrada Genoma virico
9 (RLIN) 83965
650 14 - ASIENTO SECUNDARIO DE MATERIA - TERMINO TEMATICO
Término temático o nombre geográfico como elemento de entrada Genoma eucariótico
9 (RLIN) 83966
700 ## - ASIENTO SECUNDARIO - NOMBRE PERSONAL
Nombre personal Kiger, John A.
9 (RLIN) 9256
942 ## - ELEMENTOS ADICIONALES (KOHA)
Tipo de ítem Libro
Sistema de clasificación Dewey Decimal Classification
Existencias
Withdrawn status Lost status Sistema de Clasificación Damaged status No para préstamo Colección Inventariado Ubicación Permanente Ubicación actual Fecha de adquisición Fuente de Valor Valor Total Checkouts Número topográfico Inventario / Código de Barras Date last seen Ejemplar Price effective from Forma de adquisición Tipo de material
    Dewey Decimal Classification     General Inventariado 2017 Sala Fabio Quevedo Sala Fabio Quevedo 09/08/1998 Amazon 40000.00   LB-576.5 a97g 001130 04/12/2012 Ej. 1 04/12/2012 Donación Libro